书目信息 |
| 题名: |
海南植物志
|
|
| 作者: | ;广东省植物研究所 编辑 | |
| 分册: | 第四卷 | |
| 出版信息: | 北京 科学出版社 1977 |
|
| 页数: | 644页 | |
| 开本: | 26cm | |
| 丛书名: | ||
| 单 册: | ||
| 中图分类: | Q948.2 | |
| 科图分类: | ||
| 主题词: | 植物--海南 | |
| 电子资源: | ||
| ISBN: | ||
| 000 | 00607nam0 2200217 45 | |
| 001 | 0177001649 | |
| 005 | 20061123154025.98 | |
| 010 | @b精装@dCNY6.60 | |
| 100 | @a19951019d1977 em y0chiy0121 ea | |
| 101 | 0 | @achi |
| 102 | @aCN@b110000 | |
| 105 | @ay z 000yy | |
| 200 | 10 | @a海南植物志@Ahai nan zhi wu zhi@h第四卷@f广东省植物研究所编辑 |
| 210 | @a北京@c科学出版社@d1977 | |
| 215 | @a644页@d26cm | |
| 606 | @a植物@y海南 | |
| 690 | @aQ948.2@v3 | |
| 711 | 02 | @a广东省植物研究所@Aguang dong sheng zhi wu yan jiu suo@4编辑 |
| 801 | 2 | @aCN@bNLC@c20061123 |
| 801 | 0 | @aCN@bTSSF |
| 905 | @a10447@dQ948.2@e24:4 | |
| 海南植物志.第四卷/广东省植物研究所编辑.-北京:科学出版社,1977 |
| 644页;26cm |
| ISBN (精装):CNY6.60 |
| ● |
| 相关链接 |
|
|
|
|
正题名:海南植物志
索取号:Q948.2/24:4
 
预约/预借
| 序号 | 登录号 | 条形码 | 馆藏地/架位号 | 状态 | 备注 |
| 1 | 0203255 | 202107031 | 第二样本阅览室/ [索取号:Q948.2/24:4] | 在馆 |